| 000 | 01419cam a2200337 i 4500 | ||
|---|---|---|---|
| 999 |
_c2310 _d2310 |
||
| 001 | .b21172481 | ||
| 003 | OSt | ||
| 005 | 20230411115703.0 | ||
| 008 | 030827s2002 enka 000 f eng d | ||
| 020 |
_a9780723247708 _q(hbk.) |
||
| 040 |
_aICY _cICY _dOCLCQ _dIHI _dBAKER _dYDXCP _dOCLCG _dAU@ _dCVN _dNTNU _dKH8 _erda |
||
| 042 | _anbic | ||
| 082 | 0 | _a823.912 POT | |
| 100 | 1 |
_aPotter, Beatrix, _d1866-1943. _eauthor |
|
| 245 | 1 | 4 |
_aThe tale of Peter Rabbit / _cby Beatrix Potter. |
| 250 | _aOriginal and authorized ed. | ||
| 264 | 1 |
_aLondon ; _aNew York : _bFrederick Warne/Penguin Group, _c2002. |
|
| 264 | 4 | _c©2002. | |
| 300 |
_a69 pages : _bcolor illustrations ; _c15 cm. |
||
| 336 |
_atext _btxt _2rdacontent. |
||
| 337 |
_aunmediated _bn _2rdamedia. |
||
| 338 |
_avolume _bnc _2rdacarrier. |
||
| 490 | 1 |
_aThe original Peter Rabbit books ; _v1. |
|
| 500 | _a"The World of Beatrix Potter, Peter Rabbit"--P. [4] of cover. | ||
| 500 | _aOriginally published by Frederick Warne in 1902. This edition published with reset text and new reproductions of Beatrix Potter's illustrations. | ||
| 520 | _aNaughty Peter Rabbit disobeys his mother by going into Mr. McGregor's garden and almost gets caught. | ||
| 650 | 0 |
_aPeter Rabbit (Fictitious character) _vPictorial works _vJuvenile fiction. |
|
| 650 | 0 |
_aRabbits _vFiction. |
|
| 800 | 1 |
_aPotter, Beatrix, _d1866-1943. _tOriginal Peter Rabbit books ; _v1. |
|
| 942 |
_2ddc _cBK |
||